|
|
|
|
| LEADER |
00000nam0a2200000 4500 |
| 001 |
72770 |
| 005 |
20231031083842.0 |
| 035 |
|
|
|a (RuTPU)RU\TPU\book\77599
|
| 090 |
|
|
|a 72770
|
| 100 |
|
|
|a 20050131d km y0rusy50 ca
|
| 101 |
0 |
|
|a rus
|
| 102 |
|
|
|a RU
|
| 105 |
|
|
|a a z 001zy
|
| 200 |
1 |
|
|a Поиски и разведка месторождений нерудного металлургического сырья
|f В. М. Борзунов
|
| 210 |
|
|
|a Москва
|c Недра
|d 1980
|
| 215 |
|
|
|a 303 с.
|c ил.
|
| 320 |
|
|
|a Библиогр.: с. 295-301.
|
| 320 |
|
|
|a Предметный указатель: с. 302.
|
| 610 |
1 |
|
|a разведочные работы
|
| 610 |
1 |
|
|a месторождения
|
| 610 |
1 |
|
|a нерудные полезные ископаемые
|
| 610 |
1 |
|
|a геологоразведочные работы
|
| 610 |
1 |
|
|a известняки
|
| 610 |
1 |
|
|a доломиты
|
| 610 |
1 |
|
|a магнезиты
|
| 610 |
1 |
|
|a бруситы
|
| 610 |
1 |
|
|a плавиковый шпат
|
| 610 |
1 |
|
|a глины
|
| 610 |
1 |
|
|a каолины
|
| 610 |
1 |
|
|a формовочные смеси
|
| 610 |
1 |
|
|a кварциты
|
| 610 |
1 |
|
|a кварцевые песчаники
|
| 610 |
1 |
|
|a магнезиально-силикатные материалы
|
| 610 |
1 |
|
|a графит
|
| 675 |
|
|
|a 553.5/.6
|v 3
|
| 700 |
|
1 |
|a Борзунов
|b В. М.
|g Виктор Михайлович
|
| 801 |
|
1 |
|a RU
|b 63413507
|c 20050131
|g PSBO
|
| 801 |
|
2 |
|a RU
|b 63413507
|c 20140912
|g PSBO
|
| 942 |
|
|
|c BK
|